Normal view
MARC view
- Safarnama
Entry Topical Term
001 - CONTROL NUMBER
- control field: 90598
003 - CONTROL NUMBER IDENTIFIER
- control field: NUST
005 - DATE AND TIME OF LATEST TRANSACTION
- control field: 20220314114124.0
008 - FIXED-LENGTH DATA ELEMENTS
- fixed length control field: 220314|| aca||aabn | a|a d
040 ## - CATALOGING SOURCE
- Original cataloging agency: NUST
- Transcribing agency: NUST
150 ## - HEADING--TOPICAL TERM
- Topical term or geographic name entry element: Safarnama
670 ## - SOURCE DATA FOUND
- Source citation: Work cat.: (NUST)587660: Aziz Zulfiqar 88523, Round The World:, 2020.
